=LDR 00000nam 2200000 4500 =001 NUTBA000000000003793 =005 20140828105221.0 =006 =007 =008 =020 ##$$a 979-788-018-4 =035 ##$$a 0010-081400000000638 =040 ##$$a NBPDMAT =082 ##$$a 028.5 =084 ##$$a 028.5 Tim h =090 ##$$a 028.5 Tim h =100 ##$$a TIM CBM Creative Agency =245 ##$$a Helo aku Baba Banteng / $c TIM CBM Creative Agency =250 ##$$a Cet. 1 =260 ##$$a Jakarta : $b Penebar Swadaya, $c 2006 =300 ##$$a 24hlm. : $b ilus. ; $c 19 cm. =650 ##$$a Bacaan kanak-kanak =990 ##$$a 21408897 =990 ##$$a 0001/BPAP-NTB/20142014 =990 ##$$a 0001/BPAP-NTB/20142014 =990 ##$$a 0001/BPAP-NTB/20142014 =990 ##$$a 0001/BPAP-NTB/20142014 =990 ##$$a 0001/BPAP-NTB/20142014